Очерки теории и истории культуры XX века: учебное пособие

Podrobná bibliografie
Korporativní autor: Томский государственный университет (ТГУ)
Další autoři: Петров Ю. В. (редактор)
Shrnutí:Рассматриваются основные тенденции развития мировой и отечественной культуры XX в. Анализируются современная социокультурная ситуация и особенности функционирования различных сфер культуры: образования, искусства, философии. Для студентов высших учебных заведений, обучающихся по направлению «Культурология», и другим гуманитарным специальностям и направлениям, предполагающим усиленную подготовку специалистов в области теории, истории и философии культуры. Представляет интерес для аспирантов и молодых ученых указанных гуманитарных направлений, а также педагогических работников школ и лицеев и всех интересующихся вопросами теории и истории культуры.
Jazyk:ruština
Vydáno: Томск, Изд-во ТГУ, 2007
Témata:
Médium: MixedMaterials Kniha
KOHA link:https://koha.lib.tpu.ru/cgi-bin/koha/opac-detail.pl?biblionumber=183750

MARC

LEADER 00000nam0a2200000 4500
001 183750
005 20231101223802.0
010 |a 5946212222 
035 |a (RuTPU)RU\TPU\book\199205 
090 |a 183750 
100 |a 20100820d2007 m y0rusy50 ca 
101 0 |a rus 
102 |a RU 
105 |a y j 001zy 
200 1 |a Очерки теории и истории культуры XX века  |e учебное пособие  |f Томский государственный университет (ТГУ); под ред. Ю. В. Петрова 
210 |a Томск  |c Изд-во ТГУ  |d 2007 
215 |a 440 с. 
320 |a Библиография в конце глав. 
330 |a Рассматриваются основные тенденции развития мировой и отечественной культуры XX в. Анализируются современная социокультурная ситуация и особенности функционирования различных сфер культуры: образования, искусства, философии. Для студентов высших учебных заведений, обучающихся по направлению «Культурология», и другим гуманитарным специальностям и направлениям, предполагающим усиленную подготовку специалистов в области теории, истории и философии культуры. Представляет интерес для аспирантов и молодых ученых указанных гуманитарных направлений, а также педагогических работников школ и лицеев и всех интересующихся вопросами теории и истории культуры. 
606 1 |a Культура  |x Теория  |2 stltpush  |3 (RuTPU)RU\TPU\subj\16745  |9 42679 
606 1 |a Историческая культурология  |2 stltpush  |3 (RuTPU)RU\TPU\subj\72069  |9 85657 
610 1 |a культурология 
610 1 |a античная культура 
610 1 |a христианство 
610 1 |a Новое время 
610 1 |a толерантная культура 
610 1 |a философские концепции 
610 1 |a Восток-Запад 
610 1 |a 20 век 
610 1 |a духовность 
610 1 |a Китай 
610 1 |a Индия 
610 1 |a мировоззрение 
610 1 |a социология 
610 1 |a дизайн 
610 1 |a искусство 
610 1 |a высокие технологии 
610 1 |a киноискусство 
610 1 |a труды учёных ТПУ 
686 |a Ч111я73  |v LBC/SL-A  |2 rubbk 
686 |a Ч113я73  |v LBC/SL-A  |2 rubbk 
702 1 |a Петров  |b Ю. В.  |4 340 
712 0 2 |a Томский государственный университет (ТГУ)  |2 stltpush  |3 (RuTPU)RU\TPU\col\397 
801 1 |a RU  |b 63413507  |c 20100820 
801 2 |a RU  |b 63413507  |c 20130121  |g RCR 
942 |c BK